Dr. Seuss books - Statistics

General Stats
  • This quiz has been taken 1,181 times
  • The average score is 7 of 15
Answer Stats
Hint Answer % Correct
Two children left at home one day encounter an animal and Thing One and Thing Two The Cat In The Hat
96%
A cave-dwelling cat-like creature tries to steal everything related to a 25 December holiday How The Grinch Stole Christmas
92%
Sam badgers an unnamed character to try strange breakfast food Green Eggs and Ham
91%
Elephant protects tiny towns people Horton Hears A Who
89%
A character who speaks for the trees against the greedy Once-ler The Lorax
76%
Last book published before Dr. Seuss's death, about life and its challenges Oh, The Places You'll Go!
43%
Rhyming book about a boy and girl and creatures they have as pets One Fish Two Fish Red Fish Blue Fish
39%
Character Pat sits on a hat Hop on Pop
36%
Mr Knox coverses with main character in rhyming tongue-twisters Fox in Socks
33%
Alphabet book which features many strange creatures Dr. Seuss's ABC
23%
An elephant is convinced by a bird to sit on her egg Horton Hatches The Egg
18%
Young child who invents additional letters beyong Z On Beyond Zebra!
9%
There's a land called Katroo, with a bird who throws amazing parties Happy Birthday To You!
5%
Peter T Hooper tells the tale of an incredible meal he had Scrambled Eggs Super!
4%
Every new day starts a new adventure Great Day For Up!
1%
No matching quizzes found
Score Distribution
Percent of People with Each Score
Percentile by Number Answered
Your Score History
You have not taken this quiz